000
00305 a2200133 4500
000
nam a22 7a 4500
100
_a
Starks ,M.M
110
_a
Starks ,M.M
245
_a
Clinical forensic Medicine
250
_a
latest edition
260
_b
Springer
_c
2024
264
_b
Springer
_c
2024
942
_c
BK
999
_c
359469
_d
359469